[Event "Paulista-chTA"]
[Site "Sao Paulo"]
[Date "2015.03.01"]
[Round "4.1"]
[White "Leal, Paulo"]
[Black "Pinto, Renato R Quintilian"]
[Result "0-1"]
[WhiteElo "2229"]
[BlackElo "2289"]
[PlyCount "76"]
[EventDate "2015.02.28"]
[EventType "team-tourn"]
[EventRounds "7"]
[EventCountry "BRA"]
[SourceTitle "EXT 2017"]
[Source "ChessBase"]
[SourceDate "2016.10.25"]
[SourceVersion "1"]
[SourceVersionDate "2016.10.25"]
[SourceQuality "1"]
[WhiteTeam "PMFC"]
[BlackTeam "Osasco"]
[WhiteTeamCountry "BRA"]
[BlackTeamCountry "BRA"]

1. d4 d5 2. c4 e6 3. Nc3 c6 4. e3 Nf6 5. Nf3 Nbd7 6. Bd3 dxc4 7. Bxc4 b5 8. Bb3 a6 9. 0-0 c5 10. e4 cxd4 11. e5 dxc3 12. exf6 Bb7 13. fxg7 Bxg7 14. bxc3 Nc5 15. Bc2 Qxd1 16. Rxd1 Bxc3 17. Rb1 Be4 18. Bb2 Na4 19. Bxc3 Nxc3 20. Rb2 Nxd1 21. Bxd1 Rc8 22. Kf1 Rc1 23. Ke2 Bxf3+ 24. gxf3 Ke7 25. a4 Rd8 26. Bc2 Rc8 27. Bd3 bxa4 28. Ra2 Rb8 29. Rxa4 Rb2+ 30. Ke3 Re1+ 31. Kf4 Rxf2 32. Kg3 Rd2 33. Bxa6 Rg1+ 34. Kh3 Rgg2 35. Bc4 Rxh2+ 36. Kg3 Rdg2+ 37. Kf4 Kf6 38. Ke3 Rh4 0-1

[Event "Paulista-chTA"]
[Site "Sao Paulo"]
[Date "2015.02.28"]
[Round "2.1"]
[White "Oliveira, Fernando Henrique"]
[Black "Leal, Paulo"]
[Result "1/2-1/2"]
[WhiteElo "2230"]
[BlackElo "2229"]
[PlyCount "126"]
[EventDate "2015.02.28"]
[EventType "team-tourn"]
[EventRounds "7"]
[EventCountry "BRA"]
[SourceTitle "EXT 2017"]
[Source "ChessBase"]
[SourceDate "2016.10.25"]
[SourceVersion "1"]
[SourceVersionDate "2016.10.25"]
[SourceQuality "1"]
[WhiteTeam "Rio Preto SMEL II"]
[BlackTeam "PMFC"]
[WhiteTeamCountry "BRA"]
[BlackTeamCountry "BRA"]

1. d4 Nf6 2. c4 c5 3. d5 e6 4. Nc3 exd5 5. cxd5 d6 6. Nf3 g6 7. g3 Bg7 8. Bg2 0-0 9. 0-0 Na6 10. e4 Ng4 11. Nd2 Nc7 12. a4 Rb8 13. h3 Nf6 14. Nc4 Nfe8 15. Bf4 f6 16. Qd2 b6 17. Rfe1 Rf7 18. g4 Ba6 19. Na3 Bc8 20. Bg3 a6 21. Bf1 Bf8 22. f4 Bg7 23. Rad1 Bd7 24. Nc2 b5 25. axb5 axb5 26. b4 Na6 27. bxc5 Nxc5 28. Nd4 b4 29. Nb1 Rb7 30. Bc4 Qc8 31. Rc1 Re7 32. Ba6 Qa8 33. Bxb7 Qxb7 34. Nc6 Rxe4 35. Rxe4 Nxe4 36. Qd3 Nxg3 37. Qxg3 f5 38. g5 Nc7 39. Qd3 b3 40. h4 b2 41. Rc2 Qb6+ 42. Kg2 Na6 43. h5 Nc5 44. Ne7+ Kf7 45. Qe3 Qb4 46. h6 Bh8 47. Nc6 Bxc6 48. dxc6 Qa4 49. Re2 Qxc6+ 50. Kh2 Qd7 51. Nd2 Kf8 52. Qa3 Qa4 53. Qe3 Ne4 54. Qb6 Bd4 55. Qb8+ Qe8 56. Qb7 Qe7 57. Qb8+ Kf7 58. Qb3+ Qe6 59. Nxe4 fxe4 60. Qb7+ Qe7 61. Qb3+ Qe6 62. Qb7+ Qe7 63. Qd5+ Qe6 1/2-1/2